Физико-химические процессы при окислении изотопов углерода в магнитном поле; Изотопы: технологии, материалы и применение

Библиографические подробности
Источник:Изотопы: технологии, материалы и применение.— 2014.— [С. 35-36]
Главный автор: Ушаков И. А. Иван Алексеевич
Автор-организация: Национальный исследовательский Томский политехнический университет
Другие авторы: Ижойкин Д. А. Дмитрий Александрович
Примечания:Заглавие с титульного экрана
Язык:русский
Опубликовано: 2014
Серии:Селекция веществ оптическими, электромагнитными, ИЦР, лазерными и плазменными методами. Диагностика и методы анализа веществ и примесей
Предметы:
Online-ссылка:http://earchive.tpu.ru/handle/11683/69769
http://www.lib.tpu.ru/fulltext/c/2014/C84/012.pdf
Формат: Электронный ресурс Статья
Запись в KOHA:https://koha.lib.tpu.ru/cgi-bin/koha/opac-detail.pl?biblionumber=609659

MARC

LEADER 00000naa2a2200000 4500
001 609659
005 20260325130828.0
035 |a (RuTPU)RU\TPU\conf\7154 
035 |a RU\TPU\conf\7153 
090 |a 609659 
100 |a 20141125d2014 k y0rusy50 ca 
101 0 |a rus 
102 |a RU 
135 |a drgn ---uucaa 
181 0 |a i  
182 0 |a b 
200 1 |a Физико-химические процессы при окислении изотопов углерода в магнитном поле  |f И. А. Ушаков, Д. А. Ижойкин 
203 |a Текст  |c электронный 
225 1 |a Селекция веществ оптическими, электромагнитными, ИЦР, лазерными и плазменными методами. Диагностика и методы анализа веществ и примесей 
300 |a Заглавие с титульного экрана 
320 |a [Библиогр.: с. 36 (2 назв.)] 
337 |a Adobe Reader 
463 0 |0 (RuTPU)RU\TPU\conf\6940  |t Изотопы: технологии, материалы и применение  |o материалы Международной научной конференции молодых ученых, аспирантов и студентов, г. Томск, 20-24 октября 2014 г.  |f Национальный исследовательский Томский политехнический университет (ТПУ)  |v [С. 35-36]  |d 2014 
610 1 |a труды учёных ТПУ 
610 1 |a электронный ресурс 
610 1 |a физико-химические процессы 
610 1 |a окисление 
610 1 |a изотопы углерода 
610 1 |a магнитные поля 
610 1 |a плазменные процессы 
700 1 |a Ушаков  |b И. А.  |c физик  |c инженер Томского политехнического университета  |f 1991-  |g Иван Алексеевич  |3 (RuTPU)RU\TPU\pers\34915 
701 1 |a Ижойкин  |b Д. А.  |c физик  |c инженер-исследователь Томского политехнического университета  |f 1987-  |g Дмитрий Александрович  |3 (RuTPU)RU\TPU\pers\30108  |9 14515 
712 0 2 |a Национальный исследовательский Томский политехнический университет  |c (2009- )  |9 26305 
801 2 |a RU  |b 63413507  |c 20141124  |g RCR 
801 2 |a RU  |b 63413507  |c 20220221  |g RCR 
850 |a 63413507 
856 4 |u http://earchive.tpu.ru/handle/11683/69769 
856 4 |u http://www.lib.tpu.ru/fulltext/c/2014/C84/012.pdf 
942 |c BK